<?xml version="1.0" encoding="UTF-8"?>
<collection xmlns="http://www.loc.gov/MARC21/slim">
 <record>
  <leader>00493cam a2200145 7i4500</leader>
  <controlfield tag="001">0000079557</controlfield>
  <controlfield tag="005">20100111090000.0</controlfield>
  <controlfield tag="008">091220s1973    oku                 eng   </controlfield>
  <datafield tag="090" ind1="0" ind2="0">
   <subfield code="a">QL 614.83 .O4 </subfield>
   <subfield code="b">M5 1973</subfield>
  </datafield>
  <datafield tag="100" ind1="1" ind2="#">
   <subfield code="a">Miller, Rudolph J. </subfield>
  </datafield>
  <datafield tag="245" ind1="1" ind2="4">
   <subfield code="a">The fishes of Oklahoma  </subfield>
   <subfield code="c">Rudolph J. Miller and Henry W. Robison.</subfield>
  </datafield>
  <datafield tag="260" ind1="#" ind2="#">
   <subfield code="a">Oklahoma: </subfield>
   <subfield code="b">Oklahoma State Universiti Press, </subfield>
   <subfield code="c">1973.</subfield>
  </datafield>
  <datafield tag="300" ind1="#" ind2="#">
   <subfield code="a">xiii, 246 p.: </subfield>
   <subfield code="b">ill.; </subfield>
   <subfield code="c">23 cm..</subfield>
  </datafield>
  <datafield tag="650" ind1="0" ind2="0">
   <subfield code="a">Fishes </subfield>
  </datafield>
  <datafield tag="999" ind1=" " ind2=" ">
   <subfield code="a">1000400921</subfield>
   <subfield code="b">Book</subfield>
   <subfield code="c">Open Shelf</subfield>
   <subfield code="e">KOLEKSI TERBUKA</subfield>
  </datafield>
 </record>
</collection>
